Thinking Machines: a layman's introduction to logic, boolean algebra, and computers
| Main Author: | |
|---|---|
| Format: | Section = Libro |
| Language: | Undetermined Spanish |
| Published: |
New York
The John Day Company
1974
|
| Subjects: |
| LEADER | 00588nam a2200205Ia 4500 | ||
|---|---|---|---|
| 008 | 240830s9999 xx 000 0 und d | ||
| 020 | |a 0-381-98220-3 | ||
| 040 | |a CEDOC FIQ-RUSB / 511 A237 | ||
| 041 | |a spa | ||
| 082 | |a 511 A237 | ||
| 100 | 1 | |a Adler, Irving | |
| 245 | 1 | 0 | |a Thinking Machines: a layman's introduction to logic, boolean algebra, and computers |
| 260 | |a New York |b The John Day Company |c 1974 | ||
| 300 | |a 222 p.: il. | ||
| 650 | 7 | |a ANÁLISIS NÚMERICO | |
| 650 | 7 | |b CEREBROS DE HARDWARE | |
| 650 | 7 | |c ALGEBRA DE PROPUESTA | |
| 942 | |c BK |2 ddc | ||
| 991 | |a TEXTO | ||
| 999 | |c 13111 | ||